=LDR 00000nam 2200000 4500 =001 INLIS000000000032398 =005 20130612134415 =008 ***********************************ind** =035 ##$$0010-061300000032398 =041 ##$$a ind =082 ##$$a 658.407 =090 ##$$a 658.407, Sla g =100 ##$$a Slater, Robert =245 ##$$a The Geway Field Book, Strategi Jack Welch Untuk Revolusi Perusahaan, Robert Slater;Penerjemah, Amien Lestari =260 ##$$a 2008 $b Jakarta =300 ##$$a vii,351 hlm., ilus., 24 cm =650 ##$$a Manajemen-eksekutif =700 ##$$a Lestari,Anies =850 ##$$a NBPNMAT =990 ##$$a 86268626 =990 ##$$a 01201708626